[Event "COL-ch Cat D U1800"]
[Site "Medellin"]
[Date "2021.06.11"]
[Round "2"]
[White "Alvarez, Carlos F"]
[Black "Lucio Pinzon, Santiago"]
[Result "1-0"]
[WhiteElo "1791"]
[BlackElo "1271"]
[PlyCount "75"]
[EventDate "2021.06.10"]
[EventType "swiss"]
[EventRounds "7"]
[EventCountry "COL"]
[SourceTitle "EXT 2022"]
[Source "ChessBase"]
[SourceDate "2021.10.06"]
[SourceVersion "1"]
[SourceVersionDate "2021.10.06"]
[SourceQuality "1"]

1. e4 e5 2. Nf3 Nc6 3. Bb5 Bc5 4. Nc3 a6 5. Ba4 Nf6 6. 0-0 d6 7. Bxc6+ bxc6 8. d4 Bxd4 9. Nxd4 exd4 10. Qxd4 c5 11. Qd3 Bd7 12. Bg5 Qe7 13. Nd5 Qd8 14. Bxf6 gxf6 15. Qc3 c6 16. Nxf6+ Ke7 17. Rad1 Rb8 18. e5 d5 19. Qxc5+ Ke6 20. Qd6+ Kf5 21. Nxd7 Rb7 22. Nc5 Qxd6 23. exd6 Ra7 24. Rfe1 f6 25. d7 Rd8 26. Re7 Kg6 27. Rde1 Raa8 28. R1e3 f5 29. Re8 Rxd7 30. Nxd7 Ra7 31. R3e7 Kg5 32. g3 Kh6 33. f4 Kh5 34. Kg2 Rxd7 35. Rxd7 Kg6 36. Re6+ Kh5 37. Rxh7+ Kg4 38. h3# 1-0